Využívanie Quick Response kódov v produktovej politike diplomová práca

Enregistré dans:
Détails bibliographiques
Auteur principal: Bednárová, Sandra
Collectivité auteur: Obchodná fakulta EU. Katedra tovaroznalectva a kvality tovaru
Autres auteurs: Košútová, Tatiana, 1962-
Format: Livre
Langue:slovaque
Publié: Bratislava 2018
Tags: Ajouter un tag
Pas de tags, Soyez le premier à ajouter un tag!

MARC

LEADER 00000nbm a2200000 4500
001 0243451
005 20180911135538.4
041 0 |a slo 
044 |a SK 
245 1 0 |a Využívanie Quick Response kódov v produktovej politike  |b diplomová práca  |c Sandra Bednárová ; školiteľ: Tatiana Košútová 
264 1 |a Bratislava  |c 2018 
300 |a 63 s. 
100 1 |a Bednárová, Sandra 
700 1 |a Košútová, Tatiana, 1962- 
710 2 |a Obchodná fakulta EU. Katedra tovaroznalectva a kvality tovaru